000 01251cam a2200253Mi 4500
001 venicecannaregio00pill
003 CaSfIA
005 20210119105657.0
007 cr||||
008 910918s1987 it 000 0 eng d
040 _aCaQMCCA
_cCNCCA
_dCaSfIA
035 _a(OCoLC)78762878
100 1 _aPillinini, Stefano.
245 1 0 _aVenice-Cannaregio /
_h[electronic resource]
_ctext written by Stefano Pillinini ; photographs by Graziano Arici.
260 _a[Venezia?] :
_bAssociazione Venezia-Cannaregio,
_c[1987?]
300 _a[67] p. (some folded) :
_bcol. ill., maps ;
_c23 x 11 cm.
504 _aIncludes bibliographical references (p. [66-67]).
700 1 _aArici, G.
856 4 1 _uhttp://www.archive.org/details/venicecannaregio00pill
_zFree eBook from the Internet Archive
856 4 2 _uhttp://www.openlibrary.org/books/OL24223014M
_zAdditional information and access via Open Library
942 _cEB
506 _fНеобхідна авторизація на https://archive.org/ (створення облікового запису безкоштовно)
506 _fНеобхідна авторизація на https://openlibrary.org/ (створення облікового запису безкоштовно)
999 _c562024
_d562024